Statistics for Members of the Dog family

Click here to take the quiz!

General Stats

  • This quiz has been taken 35 times
    (17 since last reset)
  • The average score is 6 of 8

Answer Stats

Answer% Correct
Wolf
100%
Fox
93%
Hyena
93%
Dog
86%
Coyote
79%
Dingo
71%
Jackal
50%
Painted dog
7%

Score Distribution

Percentile by Number Answered

Percent of People with Each Score

Your Score History

You have not taken this quiz since the last reset